[Listy Jozefa Miloslava Hurbana Michalovi Boorovi]
V listoch z 26.10.1869, 16.9.1870, 2.5.1873 a 2.12.1879 záležitosti Cirkevných listov; v liste z 13.2.1880 cirkevné záležitosti, národné a politické (Slováci, Česi, Maďari, F. L. Rieger), zmienka o almanachu Nitra; v listoch z 10.10.1883 a 20.10.1883 o Korouhvi na Sionu, Cirkevných listoch a i. cirk...
| Hlavní autori: | , |
|---|---|
| Médium: | Rukopis Kniha |
| Jazyk: | slovenčina čeština |
| Fyzický popis: | 27 nečíslovaných strán rukopis, voľné listy 23-34 cm |
| Vydavateľské údaje: |
Ve Hlubokém v BPesti
1860-1883
|
| Predmet: |
MARC
| LEADER | 00000ntmaa2200000 a 4500 | ||
|---|---|---|---|
| 001 | vtls012124168 | ||
| 003 | SK-MaSNL | ||
| 005 | 20260302024915.0 | ||
| 008 | 251104i1860 xo || 000 idslo | ||
| 035 | |a urn:nbn:sk:snk-tm00id44 | ||
| 035 | |a 48731EA9-DB6D-499E-B0E6-107675D58FA4 | ||
| 040 | |a SNKLA |b slo |c SNKLA |e AACR2 | ||
| 041 | 0 | |a slo |a cze | |
| 044 | |a xo |c SK |a hu |c HU | ||
| 080 | |a 025.171 |2 2011 | ||
| 080 | |a (044) |2 2011 | ||
| 080 | |a 323.1:316.356.4 |2 2011 | ||
| 080 | |a 32-043.86 |2 2011 | ||
| 080 | |a 910.4 |2 2011 | ||
| 080 | |a 323:327 |2 2001 | ||
| 080 | |a 32:316.644 |2 2011 | ||
| 100 | 1 | |a Hurban, Jozef Miloslav, |d 1817-1888 |4 aut |9 93005 | |
| 245 | 1 | 0 | |a [Listy Jozefa Miloslava Hurbana Michalovi Boorovi] |c J.M.Hurban ; JaAHbn |
| 260 | |a Ve Hlubokém |a v BPesti |c 1860-1883 | ||
| 300 | |a 27 nečíslovaných strán |b rukopis, voľné listy |c 23-34 cm | ||
| 500 | |a Obsahuje 12 listov | ||
| 500 | |a Červená vosková pečať: Sigi[llvm] Ecclesiae Ev. AC Hlvbokensis | ||
| 500 | |a Červená vosková pečať: Pečeť církve ev. a. v. hlubocké | ||
| 500 | |a Pečiatky poštových úradov | ||
| 500 | |a Záznam perom: Prír. č. 534 | ||
| 500 | |a List z 20.10.1883 písaný aj v mene manželky Anny Jurkovičovej-Hurbanovej | ||
| 520 | 2 | |a V listoch z 26.10.1869, 16.9.1870, 2.5.1873 a 2.12.1879 záležitosti Cirkevných listov; v liste z 13.2.1880 cirkevné záležitosti, národné a politické (Slováci, Česi, Maďari, F. L. Rieger), zmienka o almanachu Nitra; v listoch z 10.10.1883 a 20.10.1883 o Korouhvi na Sionu, Cirkevných listoch a i. cirkevných záležitostiach; v liste z 12.11.1883 o ceste do Prahy na otvorenie Národného divadla | |
| 546 | |a Väčšina listov napísaná slovensky, jeden česky | ||
| 555 | 0 | |a Inventár rukopisov Literárneho archívu Matice slovenskej VII. Fondy 1 - 30. Martin : Matica slovenská 1978 | |
| 561 | |a Okrúhla pečiatka: Literárny archív Matice slovenskej Martin | ||
| 561 | |a Pečiatka: Prír.č. a ceruzou 317 | ||
| 600 | 1 | 7 | |a Rieger, František Ladislav, |c baron, |d 1818-1903 |2 SNKMA |9 592945 |
| 610 | 2 | 7 | |a Evanjelická cirkev a.v. |2 SNKKA |9 32425 |
| 610 | 2 | 7 | |a Národní divadlo v Praze |2 SNKKA |9 185045 |
| 630 | 0 | 7 | |a Nitra (almanach) |2 SNKPH |9 118024 |
| 650 | 0 | 7 | |a náboženské časopisy |2 SNKPH |9 82331 |
| 650 | 0 | 7 | |a politický vývoj |2 SNKPH |9 67276 |
| 650 | 0 | 7 | |a cesty a pobyt |2 SNKPH |9 3490 |
| 650 | 0 | 7 | |a národy |2 SNKPH |9 4720 |
| 650 | 0 | 7 | |a národný záujem |2 SNKPH |9 90903 |
| 650 | 0 | 7 | |a politické názory a postoje |2 SNKPH |9 4305 |
| 651 | 7 | |a Praha (Česko) |2 SNKPHgeo |9 19313 | |
| 655 | 7 | |a rukopisy |2 SNKPH |9 70548 | |
| 655 | 7 | |a korešpondencia |2 SNKPH |9 60843 | |
| 655 | 7 | |a listy |2 SNKPH |9 84490 | |
| 700 | 1 | |a Boor, Michal, |d 1837-1891 |4 rcp |9 100200 | |
| 700 | 1 | |a Jurkovičová-Hurbanová, Anna, |d 1824-1905 |4 aut |9 167756 | |
| 752 | |a Slovensko |d Hlboké | ||
| 752 | |a Maďarsko |d Budapešť | ||
| 852 | |a Slovenská národná knižnica |b Literárny archív | ||
| 958 | |a OF | ||
| 958 | |a LAVD | ||
| 999 | |c 1042213 |d 1044143 | ||
| 952 | |a SNKLA |b SNKLA |c SNKLA_DEP |y NEVYP |7 0 |p 17A1230127 |o snk10 A 146 |0 0 |1 0 |4 0 |d 2022-02-18 |f 1 |l 0 |r 2026-02-24 14:28:13 |w 2026-02-24 | ||


